{"text_format":"3","workbook":"xlsx","n_sheets":1,"sheets":["t276"],"read":"whole","date_system":"1900"}

{"sheet":"t276","index":0,"n_rows":224,"n_cols":7,"rows_kept":224,"merged":[[0,0,0,6],[30,0,30,5],[50,0,50,5],[162,0,162,5]]}
["TABELA 276.1 - Estatísticas Agrícolas, Município de Jaboticabal, Estado de São Paulo, 2007/08."]
["ITEM","UNIDADE","N.DE UPAs","MÍNIMO","MÉDIO","MÁXIMO","TOTAL"]
["Distância à sede do município","km",958,0.1,{"v":10.56,"d":"10.6"},{"v":32,"d":"32.0"},"-"]
["Área total","hectare",958,0.5,{"v":66.18,"d":"66.2"},{"v":1285.7,"d":"1,285.7"},{"v":63397.37,"d":"63,397.4"}]
["Área com cultura perene","hectare",81,0.1,{"v":4.01,"d":"4.0"},{"v":47,"d":"47.0"},324.9]
["Área com cultura temporária","hectare",891,0.1,{"v":59.41,"d":"59.4"},{"v":1030.4,"d":"1,030.4"},{"v":52938.4,"d":"52,938.4"}]
["Área com pastagem","hectare",335,0.1,{"v":6.65,"d":"6.7"},99.6,{"v":2226.1,"d":"2,226.1"}]
["Área com reflorestamento","hectare",80,0.2,{"v":4.47,"d":"4.5"},56.6,357.8]
["Área com vegetação natural","hectare",362,0.1,6.9,159.7,{"v":2499.3,"d":"2,499.3"}]
["Área com vegetação de brejo e várzea","hectare",234,0.1,{"v":3.63,"d":"3.6"},44.6,849.6]
["Área em descanso","hectare",32,0.2,{"v":4.48,"d":"4.5"},27.3,143.5]
["Área complementar","hectare",926,{"v":0.02,"d":"0.0"},{"v":4.38,"d":"4.4"},468.5,{"v":4057.77,"d":"4,057.8"}]
["Área das UPAs com (0, 1] ha","hectare",6,0.5,{"v":0.78,"d":"0.8"},{"v":1,"d":"1.0"},4.7]
["Área das UPAs com (1, 2] ha","hectare",5,1.2,{"v":1.54,"d":"1.5"},1.8,7.7]
["Área das UPAs com (2, 5] ha","hectare",62,2.1,{"v":3.75,"d":"3.8"},{"v":5,"d":"5.0"},232.3]
["Área das UPAs com (5, 10] ha","hectare",146,{"v":5.02,"d":"5.0"},{"v":7.54,"d":"7.5"},9.9,{"v":1100.67,"d":"1,100.7"}]
["Área das UPAs com (10, 20] ha","hectare",170,10.1,{"v":15.15,"d":"15.2"},{"v":20,"d":"20.0"},{"v":2574.7,"d":"2,574.7"}]
["Área das UPAs com (20, 50] ha","hectare",260,20.1,{"v":31.51,"d":"31.5"},49.6,{"v":8191.5,"d":"8,191.5"}]
["Área das UPAs com (50, 100] ha","hectare",148,50.1,{"v":71.51,"d":"71.5"},99.6,{"v":10584.2,"d":"10,584.2"}]
["Área das UPAs com (100, 200] ha","hectare",90,100.3,{"v":141.62,"d":"141.6"},199.4,{"v":12746.2,"d":"12,746.2"}]
["Área das UPAs com (200, 500] ha","hectare",51,201.4,{"v":279.71,"d":"279.7"},{"v":488,"d":"488.0"},{"v":14265.4,"d":"14,265.4"}]
["Área das UPAs com (500, 1.000] ha","hectare",18,508.5,{"v":627.53,"d":"627.5"},905.9,{"v":11295.5,"d":"11,295.5"}]
["Área das UPAs com (1.000, 2.000] ha","hectare",2,{"v":1108.8,"d":"1,108.8"},{"v":1197.25,"d":"1,197.3"},{"v":1285.7,"d":"1,285.7"},{"v":2394.5,"d":"2,394.5"}]
["Área das UPAs com (2.000, 5.000] ha","hectare","-","-","-","-","-"]
["Área das UPAs com (5.000, 10.000] ha","hectare","-","-","-","-","-"]
["Área das UPAs acima de 10.000 ha","hectare","-","-","-","-","-"]
["Familiares do proprietário que trabalham na UPA","unidade",741,{"v":1,"d":"1.0"},{"v":1.62,"d":"1.6"},{"v":10,"d":"10.0"},{"v":1199,"d":"1,199.0"}]
["Trabalhadores permanentes","unidade",310,{"v":1,"d":"1.0"},{"v":8.29,"d":"8.3"},{"v":1600,"d":"1,600.0"},{"v":2569,"d":"2,569.0"}]
["Fonte: Secretaria de Agricultura e Abastecimento, CDRS/IEA, Projeto LUPA."]
[]
["TABELA 276.2 - Explorações Animais, Município de Jaboticabal, Estado de São Paulo, 2007/08."]
["ITEM","UNIDADE","N.DE UPAs","MÍNIMO","MÉDIO","MÁXIMO","TOTAL"]
["Asininos E Muares","cabeças",5,{"v":1,"d":"1.0"},9.8,{"v":42,"d":"42.0"},{"v":49,"d":"49.0"}]
["Avicultura de Corte","cabeças/ano",13,{"v":8,"d":"8.0"},{"v":1544.08,"d":"1,544.1"},{"v":19500,"d":"19,500.0"},{"v":20073,"d":"20,073.0"}]
["Avicultura Ornamental/Decorativa/Exótica","cabeças",5,{"v":12,"d":"12.0"},34.6,{"v":58,"d":"58.0"},{"v":173,"d":"173.0"}]
["Avicultura para Ovos","cabeças",61,{"v":1,"d":"1.0"},{"v":144.36,"d":"144.4"},{"v":4000,"d":"4,000.0"},{"v":8806,"d":"8,806.0"}]
["Bovinocultura de Corte","cabeças",24,{"v":3,"d":"3.0"},{"v":120.08,"d":"120.1"},{"v":900,"d":"900.0"},{"v":2882,"d":"2,882.0"}]
["Bovinocultura Leiteira","cabeças",21,{"v":2,"d":"2.0"},{"v":63.29,"d":"63.3"},{"v":350,"d":"350.0"},{"v":1329,"d":"1,329.0"}]
["Bovinocultura Mista","cabeças",153,{"v":1,"d":"1.0"},{"v":21.93,"d":"21.9"},{"v":630,"d":"630.0"},{"v":3355,"d":"3,355.0"}]
["Bubalinocultura","cabeças",2,{"v":12,"d":"12.0"},13.5,{"v":15,"d":"15.0"},{"v":27,"d":"27.0"}]
["Caprinocultura","cabeças",13,{"v":4,"d":"4.0"},{"v":26.31,"d":"26.3"},{"v":140,"d":"140.0"},{"v":342,"d":"342.0"}]
["Codornicultura","cabeças",1,{"v":160,"d":"160.0"},{"v":160,"d":"160.0"},{"v":160,"d":"160.0"},{"v":160,"d":"160.0"}]
["Cunicultura","cabeças",1,{"v":50,"d":"50.0"},{"v":50,"d":"50.0"},{"v":50,"d":"50.0"},{"v":50,"d":"50.0"}]
["Equinocultura","cabeças",64,{"v":1,"d":"1.0"},{"v":4.28,"d":"4.3"},{"v":69,"d":"69.0"},{"v":274,"d":"274.0"}]
["Ovinocultura","cabeças",21,{"v":6,"d":"6.0"},46.9,{"v":200,"d":"200.0"},{"v":985,"d":"985.0"}]
["Piscicultura","m² tanques",3,{"v":10,"d":"10.0"},{"v":536.67,"d":"536.7"},{"v":1000,"d":"1,000.0"},{"v":1610,"d":"1,610.0"}]
["Sericicultura","gramas larvas/ano",3,{"v":2,"d":"2.0"},{"v":13.33,"d":"13.3"},{"v":30,"d":"30.0"},{"v":40,"d":"40.0"}]
["Suinocultura","cabeças",54,{"v":2,"d":"2.0"},{"v":75.33,"d":"75.3"},{"v":2100,"d":"2,100.0"},{"v":4068,"d":"4,068.0"}]
["Fonte: Secretaria de Agricultura e Abastecimento, CDRS/IEA, Projeto LUPA."]
[]
["TABELA 276.3 -  Máquinas, Implementos e Benfeitorias, Município de Jaboticabal, Estado de São Paulo, 2007/08."]
["ITEM","UNIDADE","N.DE UPAs","MÍNIMO","MÉDIO","MÁXIMO","TOTAL"]
["Arado Comum (Bacia, Aiveca)","Unidade",85,{"v":1,"d":"1.0"},{"v":1.52,"d":"1.5"},{"v":10,"d":"10.0"},{"v":129,"d":"129.0"}]
["Arado Escarificador","Unidade",28,{"v":1,"d":"1.0"},{"v":1.68,"d":"1.7"},{"v":4,"d":"4.0"},{"v":47,"d":"47.0"}]
["Arado Subsolador","Unidade",70,{"v":1,"d":"1.0"},{"v":1.41,"d":"1.4"},{"v":5,"d":"5.0"},{"v":99,"d":"99.0"}]
["Batedeira de Cereais","Unidade",4,{"v":1,"d":"1.0"},{"v":2.25,"d":"2.3"},{"v":5,"d":"5.0"},{"v":9,"d":"9.0"}]
["Câmara Fria","Unidade",1,{"v":1,"d":"1.0"},{"v":1,"d":"1.0"},{"v":1,"d":"1.0"},{"v":1,"d":"1.0"}]
["Carregadeira de Cana","Unidade",51,{"v":1,"d":"1.0"},{"v":1.65,"d":"1.7"},{"v":16,"d":"16.0"},{"v":84,"d":"84.0"}]
["Colhedeira Acoplada","Unidade",57,{"v":1,"d":"1.0"},{"v":2.58,"d":"2.6"},{"v":20,"d":"20.0"},{"v":147,"d":"147.0"}]
["Colhedeira Automotriz","Unidade",29,{"v":1,"d":"1.0"},{"v":2,"d":"2.0"},{"v":7,"d":"7.0"},{"v":58,"d":"58.0"}]
["Computador","Unidade",3,{"v":1,"d":"1.0"},{"v":5.33,"d":"5.3"},{"v":14,"d":"14.0"},{"v":16,"d":"16.0"}]
["Conj.Irrigação Autopropelido","Unidade",6,{"v":1,"d":"1.0"},{"v":2,"d":"2.0"},{"v":7,"d":"7.0"},{"v":12,"d":"12.0"}]
["Conj.Irrigação Convencional","Unidade",18,{"v":1,"d":"1.0"},{"v":1.17,"d":"1.2"},{"v":3,"d":"3.0"},{"v":21,"d":"21.0"}]
["Conj.Irrigação Pivot Central","Unidade",7,{"v":1,"d":"1.0"},{"v":1,"d":"1.0"},{"v":1,"d":"1.0"},{"v":7,"d":"7.0"}]
["Conj.Irrigação/Gotejamento/Microaspersão","Unidade",5,{"v":1,"d":"1.0"},1.2,{"v":2,"d":"2.0"},{"v":6,"d":"6.0"}]
["Conjunto de Fenação","Unidade",6,{"v":1,"d":"1.0"},{"v":1,"d":"1.0"},{"v":1,"d":"1.0"},{"v":6,"d":"6.0"}]
["Desintegrador de Palha (Plantio Direto)","Unidade",7,{"v":1,"d":"1.0"},{"v":1.57,"d":"1.6"},{"v":3,"d":"3.0"},{"v":11,"d":"11.0"}]
["Desintegrador, Picador, Triturador","Unidade",105,{"v":1,"d":"1.0"},{"v":1.19,"d":"1.2"},{"v":3,"d":"3.0"},{"v":125,"d":"125.0"}]
["Distribuidor de Calcário","Unidade",28,{"v":1,"d":"1.0"},{"v":1.29,"d":"1.3"},{"v":3,"d":"3.0"},{"v":36,"d":"36.0"}]
["Ensiladeira","Unidade",23,{"v":1,"d":"1.0"},{"v":1.61,"d":"1.6"},{"v":4,"d":"4.0"},{"v":37,"d":"37.0"}]
["Grade Aradora (Tipo Romi)","Unidade",72,{"v":1,"d":"1.0"},{"v":1.69,"d":"1.7"},{"v":13,"d":"13.0"},{"v":122,"d":"122.0"}]
["Grade Niveladora","Unidade",94,{"v":1,"d":"1.0"},{"v":1.82,"d":"1.8"},{"v":13,"d":"13.0"},{"v":171,"d":"171.0"}]
["Implementos para Tração Animal","Unidade",3,{"v":2,"d":"2.0"},{"v":4,"d":"4.0"},{"v":7,"d":"7.0"},{"v":12,"d":"12.0"}]
["Microtrator","Unidade",8,{"v":1,"d":"1.0"},{"v":1.38,"d":"1.4"},{"v":2,"d":"2.0"},{"v":11,"d":"11.0"}]
["Misturador de Ração","Unidade",13,{"v":1,"d":"1.0"},{"v":1.38,"d":"1.4"},{"v":3,"d":"3.0"},{"v":18,"d":"18.0"}]
["Ordenhadeira Mecânica","Unidade",1,{"v":4,"d":"4.0"},{"v":4,"d":"4.0"},{"v":4,"d":"4.0"},{"v":4,"d":"4.0"}]
["Pulverizador Tratorizado","Unidade",131,{"v":1,"d":"1.0"},{"v":1.86,"d":"1.9"},{"v":5,"d":"5.0"},{"v":244,"d":"244.0"}]
["Resfriador de Leite, Tanque Expansão","Unidade",2,{"v":1,"d":"1.0"},{"v":1,"d":"1.0"},{"v":1,"d":"1.0"},{"v":2,"d":"2.0"}]
["Semeadeira/Adubadeira para Plantio Convencional","Unidade",54,{"v":1,"d":"1.0"},{"v":1.76,"d":"1.8"},{"v":7,"d":"7.0"},{"v":95,"d":"95.0"}]
["Semeadeira/Plantadeira Plantio Direto","Unidade",22,{"v":1,"d":"1.0"},{"v":1.55,"d":"1.6"},{"v":3,"d":"3.0"},{"v":34,"d":"34.0"}]
["Terraceador","Unidade",18,{"v":1,"d":"1.0"},{"v":1.56,"d":"1.6"},{"v":6,"d":"6.0"},{"v":28,"d":"28.0"}]
["Trator de Esteiras","Unidade",8,{"v":1,"d":"1.0"},{"v":1.38,"d":"1.4"},{"v":4,"d":"4.0"},{"v":11,"d":"11.0"}]
["Trator de Pneus","Unidade",259,{"v":1,"d":"1.0"},{"v":3.71,"d":"3.7"},{"v":90,"d":"90.0"},{"v":962,"d":"962.0"}]
["Açude/Represa","Unidade",125,{"v":1,"d":"1.0"},{"v":1.43,"d":"1.4"},{"v":5,"d":"5.0"},{"v":179,"d":"179.0"}]
["Alambique","Unidade",3,{"v":1,"d":"1.0"},{"v":1,"d":"1.0"},{"v":1,"d":"1.0"},{"v":3,"d":"3.0"}]
["Almoxarifado/Oficina","Unidade",44,{"v":1,"d":"1.0"},{"v":1.14,"d":"1.1"},{"v":2,"d":"2.0"},{"v":50,"d":"50.0"}]
["Armazém para Grãos Ensacados","Sacas",23,{"v":1,"d":"1.0"},{"v":4509.57,"d":"4,509.6"},{"v":80000,"d":"80,000.0"},{"v":103720,"d":"103,720.0"}]
["Balança para Bovinos","Unidade",11,{"v":1,"d":"1.0"},{"v":1.09,"d":"1.1"},{"v":2,"d":"2.0"},{"v":12,"d":"12.0"}]
["Balança para Veículos","Unidade",9,{"v":1,"d":"1.0"},{"v":1.44,"d":"1.4"},{"v":3,"d":"3.0"},{"v":13,"d":"13.0"}]
["Barracão para Bicho da Seda/Sirgaria","Unidade",2,{"v":1,"d":"1.0"},1.5,{"v":2,"d":"2.0"},{"v":3,"d":"3.0"}]
["Barracão para Granja/Avicultura","Unidade",36,{"v":1,"d":"1.0"},{"v":1.47,"d":"1.5"},{"v":6,"d":"6.0"},{"v":53,"d":"53.0"}]
["Barracão/Galpão/Garagem","Unidade",288,{"v":1,"d":"1.0"},{"v":1.58,"d":"1.6"},{"v":12,"d":"12.0"},{"v":454,"d":"454.0"}]
["Biodigestor","Unidade",1,{"v":1,"d":"1.0"},{"v":1,"d":"1.0"},{"v":1,"d":"1.0"},{"v":1,"d":"1.0"}]
["Casa de Moradia Habitada","Unidade",427,{"v":1,"d":"1.0"},{"v":2.08,"d":"2.1"},{"v":50,"d":"50.0"},{"v":889,"d":"889.0"}]
["Casa de Moradia Total","Unidade",463,{"v":1,"d":"1.0"},{"v":2.51,"d":"2.5"},{"v":53,"d":"53.0"},{"v":1161,"d":"1,161.0"}]
["Curral/Mangueira","Unidade",194,{"v":1,"d":"1.0"},{"v":1.07,"d":"1.1"},{"v":3,"d":"3.0"},{"v":208,"d":"208.0"}]
["Depósito/Tulha","Unidade",99,{"v":1,"d":"1.0"},{"v":1.23,"d":"1.2"},{"v":4,"d":"4.0"},{"v":122,"d":"122.0"}]
["Estábulo","Unidade",16,{"v":1,"d":"1.0"},{"v":1.31,"d":"1.3"},{"v":6,"d":"6.0"},{"v":21,"d":"21.0"}]
["Estufa/Plasticultura","m²",11,{"v":1,"d":"1.0"},{"v":806,"d":"806.0"},{"v":4000,"d":"4,000.0"},{"v":8866,"d":"8,866.0"}]
["Fábrica de Ração","Unidade",5,{"v":1,"d":"1.0"},{"v":1,"d":"1.0"},{"v":1,"d":"1.0"},{"v":5,"d":"5.0"}]
["Instalações para Equinos","Unidade",12,{"v":1,"d":"1.0"},{"v":7.67,"d":"7.7"},{"v":70,"d":"70.0"},{"v":92,"d":"92.0"}]
["Máquina de Benefício","Unidade",6,{"v":1,"d":"1.0"},{"v":1,"d":"1.0"},{"v":1,"d":"1.0"},{"v":6,"d":"6.0"}]
["Olaria","Unidade",1,{"v":1,"d":"1.0"},{"v":1,"d":"1.0"},{"v":1,"d":"1.0"},{"v":1,"d":"1.0"}]
["Pocilga","Unidade",99,{"v":1,"d":"1.0"},{"v":1.53,"d":"1.5"},{"v":10,"d":"10.0"},{"v":151,"d":"151.0"}]
["Poço Semi-Artesiano","Unidade",91,{"v":1,"d":"1.0"},{"v":1.15,"d":"1.2"},{"v":4,"d":"4.0"},{"v":105,"d":"105.0"}]
["Posto Meteorológico","Unidade",4,{"v":1,"d":"1.0"},{"v":1,"d":"1.0"},{"v":1,"d":"1.0"},{"v":4,"d":"4.0"}]
["Secador de Grãos","Unidade",2,{"v":1,"d":"1.0"},{"v":1,"d":"1.0"},{"v":1,"d":"1.0"},{"v":2,"d":"2.0"}]
["Silo para Grãos","t",6,{"v":6,"d":"6.0"},{"v":224.17,"d":"224.2"},{"v":660,"d":"660.0"},{"v":1345,"d":"1,345.0"}]
["Silo para Silagem","t",10,{"v":2,"d":"2.0"},304.5,{"v":1600,"d":"1,600.0"},{"v":3045,"d":"3,045.0"}]
["Terreiro","m²",18,{"v":1,"d":"1.0"},{"v":764.33,"d":"764.3"},{"v":7000,"d":"7,000.0"},{"v":13758,"d":"13,758.0"}]
["Usina de Açúcar/destilaria","Unidade",3,{"v":1,"d":"1.0"},{"v":1,"d":"1.0"},{"v":1,"d":"1.0"},{"v":3,"d":"3.0"}]
["Fonte: Secretaria de Agricultura e Abastecimento, CDRS/IEA, Projeto LUPA."]
[]
["TABELA 276.4 - Outras Estatísticas Agrícolas, Município de Jaboticabal, Estado de São Paulo, 2007/08."]
["ITEM","Número de UPAs",null,"Percentual"]
["Faz Parte de Associação de Produtores",500,null,{"v":52.192066805845506,"d":"52.2"}]
["Faz Parte de Cooperativa de Produtores",612,null,{"v":63.8830897703549,"d":"63.9"}]
["Faz Parte do Sindicato de Produtores",390,null,{"v":40.7098121085595,"d":"40.7"}]
["Não utiliza assistência técnica ",333,null,{"v":34.75991649269311,"d":"34.8"}]
["Utiliza somente assistência técnica governamental ",68,null,{"v":7.09812108559499,"d":"7.1"}]
["Utiliza somente assistência técnica privada ",466,null,{"v":48.643006263048015,"d":"48.6"}]
["Utiliza assistência técnica tanto governamental quanto privada",91,null,{"v":9.498956158663882,"d":"9.5"}]
["Utiliza Crédito Rural",141,null,{"v":14.718162839248434,"d":"14.7"}]
["Utiliza Seguro Rural",33,null,{"v":3.444676409185804,"d":"3.4"}]
["Utiliza Escrituração Agrícola",258,null,{"v":26.931106471816282,"d":"26.9"}]
["Acessa Internet p/ Fins na Agropecuária",88,null,{"v":9.18580375782881,"d":"9.2"}]
["Utiliza Computador nas Atividades Agropecuárias",91,null,{"v":9.498956158663882,"d":"9.5"}]
["Utiliza Energia Elétrica Para Uso na Atividade Agrícola",508,null,{"v":53.02713987473904,"d":"53.0"}]
["Realiza Análise de Solo, quando necessário",511,null,{"v":53.34029227557411,"d":"53.3"}]
["Utiliza Práticas de Conservação de Solo, quando necessário",823,null,{"v":85.90814196242171,"d":"85.9"}]
["Faz Adubação Mineral, quando necessário",803,null,{"v":83.82045929018788,"d":"83.8"}]
["Faz Adubação Orgânica, quando necessário",65,null,{"v":6.784968684759917,"d":"6.8"}]
["Faz Adubação Verde, quando necessário",39,null,{"v":4.07098121085595,"d":"4.1"}]
["Utiliza Manejo Integrado de Pragas (MIP)",16,null,{"v":1.6701461377870566,"d":"1.7"}]
["Utiliza Hidroponia","-",null,"-"]
["Utiliza Plasticultura",5,null,{"v":0.5219206680584552,"d":"0.5"}]
["Utiliza Mudas Fiscalizadas",116,null,{"v":12.108559498956158,"d":"12.1"}]
["Utiliza Semente Melhorada",124,null,{"v":12.943632567849686,"d":"12.9"}]
["Faz Confinamento de Bovinos",34,null,{"v":3.549060542797495,"d":"3.5"}]
["Utiliza Pastejo Intensivo",64,null,{"v":6.680584551148226,"d":"6.7"}]
["Faz Inseminação Artificial",3,null,{"v":0.31315240083507306,"d":"0.3"}]
["Faz Mineralização do Rebanho",131,null,{"v":13.674321503131525,"d":"13.7"}]
["Faz Vermifugação do Rebanho",144,null,{"v":15.031315240083506,"d":"15.0"}]
["Possui Parceiros /Arrendatários na Exploração Animal",80,null,{"v":8.350730688935283,"d":"8.4"}]
["Esporte e lazer",1,null,{"v":0.10438413361169104,"d":"0.1"}]
["Extração mineral",3,null,{"v":0.31315240083507306,"d":"0.3"}]
["Hotel Fazenda, Pousada ou SPA","-",null,"-"]
["Pesque-pague",1,null,{"v":0.10438413361169104,"d":"0.1"}]
["Restaurante ou Lanchonete","-",null,"-"]
["Transformação artesanal","-",null,"-"]
["Turismo rural ou ecoturismo","-",null,"-"]
["Outras atividades econômicas rurais",3,null,{"v":0.31315240083507306,"d":"0.3"}]
["Agroindústria",1,null,{"v":0.10438413361169104,"d":"0.1"}]
["Proprietário sem instrução ou com instrução incompleta",18,null,{"v":1.8789144050104385,"d":"1.9"}]
["Proprietário com antigo primário completo",363,null,{"v":37.89144050104384,"d":"37.9"}]
["Proprietário com 1° grau (ou antigo ginasial) completo",147,null,{"v":15.34446764091858,"d":"15.3"}]
["Proprietário com 2° grau (ou antigo colegial) completo",144,null,{"v":15.031315240083506,"d":"15.0"}]
["Proprietário com curso superior completo ",198,null,{"v":20.668058455114824,"d":"20.7"}]
["Pessoa Jurídica",88,null,{"v":9.18580375782881,"d":"9.2"}]
["Proprietário residente na própria UPA ",109,null,{"v":11.377870563674321,"d":"11.4"}]
["Fonte: Secretaria de Agricultura e Abastecimento, CDRS/IEA, Projeto LUPA."]
[]
["TABELA 276.5 - Área Cultivada, Município de Jaboticabal, Estado de São Paulo, 2007/08."]
["CULTURA","N.DE UPAs","MÍNIMO","MÉDIO","MÁXIMO","TOTAL"]
["Cana-de-acucar",817,0.1,{"v":65.81,"d":"65.8"},{"v":1204,"d":"1,204.0"},{"v":53766.5,"d":"53,766.5"}]
["Amendoim",124,0.2,{"v":20.28,"d":"20.3"},{"v":200,"d":"200.0"},{"v":2514.8,"d":"2,514.8"}]
["Gramas",263,0.1,{"v":6,"d":"6.0"},99.6,{"v":1578.3,"d":"1,578.3"}]
["Soja",17,4.8,{"v":52.86,"d":"52.9"},{"v":150,"d":"150.0"},898.6]
["Milho",63,0.5,{"v":7.81,"d":"7.8"},{"v":110,"d":"110.0"},492.3]
["Braquiaria",52,0.3,{"v":5.82,"d":"5.8"},53.2,302.7]
["Coloniao",17,0.5,{"v":10.74,"d":"10.7"},{"v":76,"d":"76.0"},182.6]
["Eucalipto",32,0.2,{"v":5.69,"d":"5.7"},56.6,{"v":182,"d":"182.0"}]
["Outras florestais",46,0.2,{"v":3.38,"d":"3.4"},21.5,155.3]
["Cebola",8,2.6,{"v":15.96,"d":"16.0"},35.5,127.7]
["Outras gramineas para pastagem",13,1.6,9.1,31.1,118.3]
["Goiaba",19,0.2,{"v":4.57,"d":"4.6"},37.3,86.9]
["Tomate rasteiro",2,32.7,34.1,35.5,68.2]
["Laranja",11,0.5,{"v":5.69,"d":"5.7"},{"v":47,"d":"47.0"},62.6]
["Capim-napier (ou capim-elefante)",7,0.1,{"v":5.43,"d":"5.4"},{"v":29,"d":"29.0"},{"v":38,"d":"38.0"}]
["Sorgo-vassoura",3,2.5,{"v":11.43,"d":"11.4"},{"v":29,"d":"29.0"},34.3]
["Macadamia (ou noz-macadamia)",1,33.6,33.6,33.6,33.6]
["Limao",9,0.1,{"v":3.57,"d":"3.6"},{"v":11,"d":"11.0"},32.1]
["Pomar domestico",27,0.1,{"v":1.12,"d":"1.1"},{"v":4,"d":"4.0"},30.2]
["Mandioca",12,0.2,{"v":2.51,"d":"2.5"},6.5,30.1]
["Sorgo",3,4.8,{"v":9.63,"d":"9.6"},12.1,28.9]
["Seringueira",2,0.2,12.2,24.2,24.4]
["Alface",4,0.5,{"v":5.23,"d":"5.2"},{"v":16,"d":"16.0"},20.9]
["Pinus",2,0.5,{"v":10.25,"d":"10.3"},{"v":20,"d":"20.0"},20.5]
["Ervas medicinais e aromaticas",1,17.5,17.5,17.5,17.5]
["Milho-doce",2,{"v":6,"d":"6.0"},{"v":6.75,"d":"6.8"},7.5,13.5]
["Arroz",3,1.2,{"v":3.83,"d":"3.8"},7.3,11.5]
["Horta domestica",5,0.2,{"v":2.24,"d":"2.2"},7.5,11.2]
["Cafe",10,0.1,{"v":1.06,"d":"1.1"},{"v":3,"d":"3.0"},10.6]
["Tangerina",2,1.2,{"v":5,"d":"5.0"},8.8,{"v":10,"d":"10.0"}]
["Outras culturas temporárias",3,{"v":1,"d":"1.0"},{"v":2.53,"d":"2.5"},3.4,7.6]
["Manga",5,0.1,{"v":1.46,"d":"1.5"},4.8,7.3]
["Outras olericolas",6,0.5,1.2,2.4,7.2]
["Brocolos (ou brocolis)",3,{"v":2,"d":"2.0"},{"v":2.13,"d":"2.1"},2.4,6.4]
["Outras frutiferas",4,0.5,{"v":1.58,"d":"1.6"},{"v":4,"d":"4.0"},6.3]
["Tangelo",1,{"v":5,"d":"5.0"},{"v":5,"d":"5.0"},{"v":5,"d":"5.0"},{"v":5,"d":"5.0"}]
["Mandioquinha",1,{"v":5,"d":"5.0"},{"v":5,"d":"5.0"},{"v":5,"d":"5.0"},{"v":5,"d":"5.0"}]
["Jabuticaba",5,0.5,{"v":0.92,"d":"0.9"},1.5,4.6]
["Coco-da-baia",3,{"v":1,"d":"1.0"},{"v":1.47,"d":"1.5"},2.4,4.4]
["Berinjela",2,{"v":2,"d":"2.0"},{"v":2,"d":"2.0"},{"v":2,"d":"2.0"},{"v":4,"d":"4.0"}]
["Sorgo-forrageiro",1,3.6,3.6,3.6,3.6]
["Palmito",4,0.4,{"v":0.68,"d":"0.7"},1.4,2.7]
["Outras leguminosas para pastagem",2,0.2,1.3,2.4,2.6]
["Pessego",1,{"v":2,"d":"2.0"},{"v":2,"d":"2.0"},{"v":2,"d":"2.0"},{"v":2,"d":"2.0"}]
["Mangustao",1,{"v":2,"d":"2.0"},{"v":2,"d":"2.0"},{"v":2,"d":"2.0"},{"v":2,"d":"2.0"}]
["Feijao",1,{"v":2,"d":"2.0"},{"v":2,"d":"2.0"},{"v":2,"d":"2.0"},{"v":2,"d":"2.0"}]
["Quiabo",2,{"v":1,"d":"1.0"},{"v":1,"d":"1.0"},{"v":1,"d":"1.0"},{"v":2,"d":"2.0"}]
["Feijao-vagem (ou vagem, ou feijao-verde)",1,{"v":2,"d":"2.0"},{"v":2,"d":"2.0"},{"v":2,"d":"2.0"},{"v":2,"d":"2.0"}]
["Cebolinha",2,0.5,{"v":0.85,"d":"0.9"},1.2,1.7]
["Lima",1,1.5,1.5,1.5,1.5]
["Batata-doce",1,{"v":1,"d":"1.0"},{"v":1,"d":"1.0"},{"v":1,"d":"1.0"},{"v":1,"d":"1.0"}]
["Laranja-azeda",1,{"v":1,"d":"1.0"},{"v":1,"d":"1.0"},{"v":1,"d":"1.0"},{"v":1,"d":"1.0"}]
["Feijao-guandu (ou guandu, ou andu)",1,{"v":1,"d":"1.0"},{"v":1,"d":"1.0"},{"v":1,"d":"1.0"},{"v":1,"d":"1.0"}]
["Couve-flor",1,0.8,0.8,0.8,0.8]
["Jilo",1,0.8,0.8,0.8,0.8]
["Espinafre (ou espinafre-europeu)",1,0.6,0.6,0.6,0.6]
["Abobora (ou jerimum)",1,0.5,0.5,0.5,0.5]
["Banana",1,0.4,0.4,0.4,0.4]
["Pimenta",1,0.1,0.1,0.1,0.1]
["Fonte: Secretaria de Agricultura e Abastecimento, CDRS/IEA, Projeto LUPA."]